00373cam a2200157ua 45000010005000000080039000050400009000440820013000531000024000662450039000902500009001292600029001383000013001676530018001806530017001984090111214n ii |||gr||||Z||||||asm cMAIN a891.45111 aSabhapandit, M. N.,11aSurar nijaracby M. N. Sabhapandit a1st. aJorhat:bBook House,965. a41p:5cm. aAssamese poem aSurar nijara